[Event "SLO-chT2 Ost"]
[Site "Slovenia"]
[Date "2021.09.18"]
[Round "2.5"]
[White "Pongrac, Franjo"]
[Black "Centrih, Aleks"]
[Result "1/2-1/2"]
[WhiteElo "1904"]
[BlackElo "1866"]
[PlyCount "106"]
[EventDate "2021.09.11"]
[EventType "team-tourn"]
[EventRounds "9"]
[EventCountry "SLO"]
[SourceTitle "EXT 2024"]
[Source "ChessBase"]
[SourceDate "2023.10.10"]
[SourceVersion "1"]
[SourceVersionDate "2023.10.10"]
[SourceQuality "1"]
[WhiteTeam "Ptuj SD II"]
[BlackTeam "Maribor Poligram III"]
[WhiteTeamCountry "SLO"]
[BlackTeamCountry "SLO"]

1. e4 e5 2. Nf3 Nc6 3. Bb5 a6 4. Ba4 Nf6 5. 0-0 b5 6. Bb3 Bc5 7. Nxe5 Nxe5 8. d4 Bxd4 9. Qxd4 d6 10. c3 0-0 11. Bg5 h6 12. Bh4 Ng6 13. Bg3 Re8 14. Re1 Bb7 15. f3 Nh5 16. Bf2 c5 17. Qd2 c4 18. Bc2 d5 19. exd5 Rxe1+ 20. Qxe1 Ngf4 21. Qe4 g6 22. Qe5 f6 23. Qe3 Qxd5 24. Nd2 Qg5 25. g3 Nh3+ 26. Kf1 Nxf2 27. Qxg5 hxg5 28. Kxf2 f5 29. b3 cxb3 30. axb3 Nf6 31. c4 Kg7 32. cxb5 axb5 33. Rxa8 Bxa8 34. Ke3 Nd7 35. Kd4 Kf6 36. Bd3 Bc6 37. Kc3 Ne5 38. Be2 g4 39. fxg4 fxg4 40. Kb4 Nf3 41. Nf1 Ke5 42. Bxb5 Bxb5 43. Kxb5 Kd4 44. b4 Kd3 45. Kc5 Nd4 46. Kd5 Nb5 47. Ke5 Ke2 48. Kf4 Kxf1 49. Kxg4 Kg2 50. h4 Kh2 51. Kf3 Kh3 52. Kf4 Na3 53. Kf3 Nb5 1/2-1/2

[Event "Medjimurje Cup"]
[Site "Croatia "]
[Date "2020.02.23"]
[Round "3.1"]
[White "Pongrac, Franjo"]
[Black "Zadravec, Stjepan"]
[Result "1-0"]
[WhiteElo "1838"]
[BlackElo "1948"]
[PlyCount "37"]
[EventDate "2020.02.09"]
[EventType "team-swiss"]
[EventRounds "6"]
[EventCountry "CRO"]
[SourceTitle "CBM 195 Extra"]
[Source "ChessBase"]
[SourceDate "2020.05.31"]
[SourceVersion "1"]
[SourceVersionDate "2020.05.31"]
[SourceQuality "1"]

1. e4 e5 2. Nf3 Nc6 3. Bb5 a6 4. Ba4 Bc5 5. 0-0 Nge7 6. Nxe5 Nxe5 7. d4 Bd6 8. f4 N5g6 9. f5 Nf8 10. Bb3 Bb4 11. a3 Ba5 12. Bxf7+ Kxf7 13. Qh5+ Kg8 14. f6 h6 15. fxg7 Nfg6 16. gxh8Q+ Nxh8 17. Qxa5 d6 18. Bxh6 b5 19. Rf8+ 1-0

[Event "Podturen Mavrin Memorial 8th"]
[Site "Podturen"]
[Date "2020.01.05"]
[Round "5"]
[White "Jancikic, Matija"]
[Black "Pongrac, Franjo"]
[Result "1-0"]
[WhiteElo "1883"]
[BlackElo "1838"]
[PlyCount "135"]
[EventDate "2020.01.03"]
[EventType "swiss"]
[EventRounds "7"]
[EventCountry "CRO"]
[SourceTitle "CBM 194 Extra"]
[Source "ChessBase"]
[SourceDate "2020.03.31"]
[SourceVersion "1"]
[SourceVersionDate "2020.03.31"]
[SourceQuality "1"]

1. e4 e5 2. Nf3 Nc6 3. Bb5 a6 4. Ba4 Nf6 5. 0-0 b5 6. Bb3 Be7 7. Re1 0-0 8. c3 d5 9. exd5 Nxd5 10. Nxe5 Nxe5 11. Rxe5 c6 12. d4 Bd6 13. Re1 Qh4 14. g3 Qh3 15. Qf3 Bg4 16. Qg2 Qh5 17. Bxd5 cxd5 18. Be3 Bf3 19. Qf1 f5 20. Nd2 Bg4 21. f4 Rf6 22. Qg2 Qf7 23. Nf3 b4 24. Ne5 Qb7 25. c4 Bh5 26. c5 Bxe5 27. fxe5 Re6 28. Rf1 Rf8 29. Qc2 Bg6 30. Qa4 Be8 31. Qa5 Bh5 32. Rf2 Bg6 33. Rc1 Rb8 34. c6 Qb5 35. Qxb5 axb5 36. c7 Rc8 37. Bg5 Ra6 38. b3 Kf7 39. Bd8 Ke6 40. Rfc2 Be8 41. Bg5 Ra7 42. Bd2 Kd7 43. Rc5 Bf7 44. Rxb5 Rxa2 45. Bxb4 Rxc7 46. Rxc7+ Kxc7 47. Bd6+ Kc6 48. Rc5+ Kb6 49. Rc7 Ra7 50. Rc8 Kb7 51. Rc1 Be6 52. h4 g6 53. Kf2 Ka6 54. Ra1+ Kb7 55. Rxa7+ Kxa7 56. Kf3 Kb7 57. Kf4 Kc6 58. Kg5 Kd7 59. Kf6 f4 60. gxf4 Bf5 61. h5 Bc2 62. h6 Bxb3 63. Kf7 Ba4 64. Bb4 Kc6 65. e6 Kb5 66. Bd6 Kc4 67. Be5 Kd3 68. Kg7 1-0

[Event "Podturen Mavrin Memorial 8th"]
[Site "Podturen"]
[Date "2020.01.04"]
[Round "3"]
[White "Zadravec, Stjepan"]
[Black "Pongrac, Franjo"]
[Result "0-1"]
[WhiteElo "1948"]
[BlackElo "1838"]
[PlyCount "128"]
[EventDate "2020.01.03"]
[EventType "swiss"]
[EventRounds "7"]
[EventCountry "CRO"]
[SourceTitle "CBM 194 Extra"]
[Source "ChessBase"]
[SourceDate "2020.03.31"]
[SourceVersion "1"]
[SourceVersionDate "2020.03.31"]
[SourceQuality "1"]

1. e4 e5 2. Nf3 Nc6 3. Bb5 Nge7 4. Nc3 g6 5. Nd5 Bg7 6. c3 Nxd5 7. exd5 Ne7 8. Bc4 0-0 9. d3 c6 10. dxc6 bxc6 11. 0-0 d5 12. Bb3 Re8 13. Re1 Qd6 14. h3 Ba6 15. Nh2 f5 16. Nf3 Nc8 17. h4 Nb6 18. Nh2 Nd7 19. Bc2 Nf6 20. g3 Rad8 21. Bg5 h6 22. Be3 c5 23. Qd2 Kh7 24. Rad1 d4 25. Bg5 hxg5 26. hxg5 Nd5 27. c4 Nb4 28. Ba4 Nc6 29. Rb1 e4 30. Qf4 Qxf4 31. gxf4 Bb7 32. Red1 a5 33. a3 Bf8 34. b4 axb4 35. axb4 cxb4 36. Nf1 Re6 37. Bb5 e3 38. Ng3 Bd6 39. Ne2 Rde8 40. f3 Bc5 41. Kg2 Ra8 42. Rh1+ Kg7 43. Rh6 Ree8 44. Rb2 Rh8 45. Rh3 Ra3 46. Rxh8 Kxh8 47. Nc1 Kg7 48. Nb3 Ba7 49. c5 Rxb3 50. Rxb3 Bxc5 51. Rb1 Bd6 52. Rb2 Na5 53. Ba4 Kf7 54. Bd1 Ke7 55. Kg3 Kd7 56. Rh2 b3 57. Rh7+ Kc6 58. Rg7 b2 59. Ba4+ Kc5 60. Bc2 Bxf4+ 61. Kxf4 e2 62. Re7 Be4 63. dxe4 e1Q 64. Re5+ Kc4 0-1

[Event "CRO-chT4B Center North"]
[Site "Croatia"]
[Date "2016.04.10"]
[Round "2.2"]
[White "Toth, Tibor"]
[Black "Pongrac, Franjo"]
[Result "0-1"]
[WhiteElo "1968"]
[BlackElo "1726"]
[PlyCount "90"]
[EventDate "2016.04.03"]
[EventType "team-tourn"]
[EventRounds "11"]
[EventCountry "CRO"]
[SourceTitle "EXT 2019"]
[Source "ChessBase"]
[SourceDate "2018.10.10"]
[SourceVersion "1"]
[SourceVersionDate "2018.10.10"]
[SourceQuality "1"]

1. e4 c5 2. Nf3 d6 3. d4 cxd4 4. Qxd4 Nc6 5. Bb5 Nf6 6. e5 Qa5+ 7. Nc3 Qxb5 8. Nxb5 Nxd4 9. Nbxd4 dxe5 10. Nxe5 Nd7 11. Nef3 a6 12. Bf4 e6 13. 0-0-0 Bc5 14. Rd2 0-0 15. Rhd1 Be7 16. Kb1 Nf6 17. c4 Bd7 18. Ne5 Ba4 19. b3 Be8 20. f3 Rc8 21. Nc2 b5 22. Ne3 a5 23. Bg5 h6 24. Bh4 bxc4 25. N3xc4 g5 26. Bf2 Nd5 27. Bd4 Bb4 28. Rf2 a4 29. Kb2 axb3 30. axb3 Bb5 31. Nd3 Bxc4 32. Nxb4 Nxb4 33. bxc4 Rxc4 34. Kb3 Rfc8 35. f4 Nc2 36. Bb2 Rb4+ 37. Ka2 Ra8+ 38. Kb1 Na3+ 39. Ka2 Nb5+ 40. Kb1 Nc3+ 41. Kc1 Nxd1 42. Kxd1 Ra2 43. Kc1 Rbxb2 44. Rxb2 Rxb2 45. Kxb2 gxf4 0-1